Movies Quiz

Random Movies or DC Comics Quiz

DC Comics Characters in Film (2000s) Quiz Stats

Quiz not verified by Sporcle

Challenge
Share
Tweet
Embed
Score 0/51 Timer 08:00
0 Plays Today
Film Franchise Character % Correct
Batman FranchiseBatman
97.7%
CatwomanCatwoman
92.1%
Superman FranchiseSuperman
90.4%
Batman FranchiseThe Joker
88.7%
Superman FranchiseLois Lane
76.9%
Superman FranchiseLex Luthor
74.9%
Batman FranchiseTwo-Face
71.7%
ConstantineJohn Constantine
70.7%
Batman FranchiseScarecrow
66.2%
Batman FranchiseCommissioner Gordon
64.5%
Batman FranchiseAlfred Pennyworth
62.9%
Batman FranchiseJames Gordon Jr.
58.3%
Batman FranchiseRa's al Ghul
56.3%
The SpiritThe Spirit
52.2%
Batman FranchiseBarbara Gordon
51%
WatchmenDoctor Manhattan
48%
WatchmenNite Owl I
47.1%
Superman FranchiseJimmy Olsen
46.3%
Superman FranchisePerry White
46.2%
WatchmenNite Owl II
45.4%
WatchmenSilk Spectre I
44.3%
WatchmenThe Comedian
43.3%
WatchmenSilk Spectre II
42%
WatchmenRorschack
41.5%
Batman FranchiseLucius Fox
39.4%
Superman FranchiseMartha Kent
38.5%
Film Franchise Character % Correct
WatchmenOzymandias
34.1%
Batman FranchiseThomas Wayne
32.5%
Batman FranchiseMartha Wayne
32.5%
Batman FranchiseCarmine Falcone
27.2%
Superman FranchiseJor-El
22.3%
The SpiritThe Octopus
20.5%
Batman FranchiseSalvatore Maroni
19.5%
Batman FranchiseZsasz
15.2%
Batman FranchiseHenri Ducard
14.4%
Batman FranchiseJoe Chill
12.6%
WatchmenHooded Justice
12.6%
Batman FranchiseCommissioner Gillian B. Loeb
11.4%
WatchmenMoloch the Mystic
10.5%
WatchmenMothman
10.5%
WatchmenDollar Bill
10.5%
WatchmenCaptain Metropolis
9.2%
WatchmenSilhouette
8.3%
Batman FranchiseDetective Arnold Flass
7.3%
WatchmenRichard Nixon
6.9%
The SpiritSilken Floss
4.3%
WatchmenBig Figure
3.9%
The SpiritSand Saref
3%
The SpiritLorelei
2.1%
The SpiritElle Dolan
1.9%
WatchmenDoug Roth
1.3%

You're not logged in!

Compare scores with friends on all Sporcle quizzes.
Join for Free
OR
Log In

You Might Also Like...

Show Comments

Extras

Top Quizzes Today


Score Distribution

Your Account Isn't Verified!

In order to create a playlist on Sporcle, you need to verify the email address you used during registration. Go to your Sporcle Settings to finish the process.

Report this User

Report this user for behavior that violates our Community Guidelines.

Details: